[Event "FRA-chT2 0910"]
[Site "France"]
[Date "2009.10.17"]
[Round "2.7"]
[White "Vigneron, Quentin"]
[Black "Faby, Fabrice"]
[Result "1-0"]
[WhiteElo "1927"]
[BlackElo "2160"]
[PlyCount "83"]
[EventDate "2009.09.27"]
[EventType "team-tourn"]
[EventRounds "11"]
[EventCountry "FRA"]
[SourceTitle "EXT 2011"]
[Source "ChessBase"]
[SourceDate "2010.11.26"]
[SourceVersion "1"]
[SourceVersionDate "2010.11.26"]
[SourceQuality "1"]

1. e4 e6 2. d4 d5 3. Nc3 Bb4 4. Bd3 c5 5. exd5 Qxd5 6. Bd2 Bxc3 7. Bxc3 Qxg2 8. Qf3 Qxf3 9. Nxf3 cxd4 10. Nxd4 Ne7 11. Nb5 Nd5 12. Bxg7 Rg8 13. Rg1 Bd7 14. Nd6+ Ke7 15. Nxb7 f5 16. 0-0-0 Bc6 17. Na5 Kf7 18. Be5 Ne7 19. Rxg8 Kxg8 20. Rg1+ Kf8 21. Rg7 Bd5 22. Rxh7 Ng6 23. Bc3 Nc6 24. Nxc6 Bxc6 25. Bc4 Nf4 26. Rh8+ Kf7 27. Rxa8 Bxa8 28. Kd2 Bb7 29. a4 Nh3 30. Bd4 a6 31. b4 Ng5 32. Ke3 Nf3 33. Bxa6 Nxd4 34. Kxd4 Bxa6 35. Ke5 Be2 36. b5 Ke7 37. b6 Kd7 38. a5 Ba6 39. f4 Bc8 40. h4 Ke7 41. c4 Ba6 42. c5 1-0

[Event "Issy les Moulineaux tt"]
[Site "Issy les Moulineaux"]
[Date "2008.11.23"]
[Round "3.6"]
[White "Garcia, Gilles"]
[Black "Faby, Fabrice"]
[Result "0-1"]
[WhiteElo "1999"]
[BlackElo "2156"]
[PlyCount "44"]
[EventDate "2008.10.19"]
[EventType "team-tourn"]
[EventRounds "7"]
[EventCountry "FRA"]
[SourceTitle "EXT 2010"]
[Source "ChessBase"]
[SourceDate "2010.11.25"]
[SourceVersion "1"]
[SourceVersionDate "2010.11.25"]
[SourceQuality "1"]
[WhiteTeam "Reims"]
[BlackTeam "Meaux Beauval"]
[WhiteTeamCountry "FRA"]
[BlackTeamCountry "FRA"]

1. d4 e6 2. e4 d5 3. Nc3 Bb4 4. e5 c5 5. a3 Bxc3+ 6. bxc3 Nc6 7. Qg4 Nge7 8. Qxg7 Rg8 9. Qxh7 cxd4 10. Nf3 Qc7 11. Bb5 Bd7 12. 0-0 Nxe5 13. Nxd4 0-0-0 14. Bxd7+ Kxd7 15. Qh3 Rh8 16. Qe3 Rxh2 17. f4 Rg8 18. g3 Ng4 19. Qf3 Rgh8 20. Qxg4 Rh1+ 21. Kf2 R8h2+ 22. Ke1 Qxc3+ 0-1

[Event "Issy les Moulineaux tt"]
[Site "Issy les Moulineaux"]
[Date "2008.11.22"]
[Round "2.6"]
[White "Faby, Fabrice"]
[Black "Tagnon, Nicole"]
[Result "1-0"]
[WhiteElo "2156"]
[BlackElo "1956"]
[PlyCount "47"]
[EventDate "2008.10.19"]
[EventType "team-tourn"]
[EventRounds "7"]
[EventCountry "FRA"]
[SourceTitle "EXT 2010"]
[Source "ChessBase"]
[SourceDate "2010.11.25"]
[SourceVersion "1"]
[SourceVersionDate "2010.11.25"]
[SourceQuality "1"]
[WhiteTeam "Meaux Beauval"]
[BlackTeam "Tour Blanche"]
[WhiteTeamCountry "FRA"]
[BlackTeamCountry "FRA"]

1. c4 b6 2. Nc3 Bb7 3. e4 Nf6 4. d3 d6 5. f4 Nbd7 6. g4 g6 7. g5 Nh5 8. Be2 Nc5 9. Nh3 Bg7 10. Be3 h6 11. 0-0 Bc8 12. f5 hxg5 13. Nxg5 Nf6 14. d4 Nb7 15. fxg6 fxg6 16. Nd5 c6 17. Nf4 Bh6 18. Ng2 Bxg5 19. Bxg5 Nxe4 20. Bd3 d5 21. Bh4 Bf5 22. Qa4 Qd7 23. cxd5 cxd5 24. Bb5 1-0

[Event "Paris-ch op-B"]
[Site "Paris"]
[Date "2005.07.16"]
[Round "8"]
[White "Faby, Fabrice"]
[Black "Rabineau, Clement"]
[Result "1-0"]
[WhiteElo "2111"]
[BlackElo "2179"]
[PlyCount "167"]
[EventDate "2005.07.09"]
[EventType "swiss"]
[EventRounds "9"]
[EventCountry "FRA"]
[SourceTitle "EXT 2006"]
[Source "ChessBase"]
[SourceDate "2005.11.24"]
[SourceVersion "1"]
[SourceVersionDate "2005.11.24"]
[SourceQuality "1"]

1. c4 e5 2. g3 Nf6 3. Bg2 Bc5 4. Nc3 0-0 5. e3 Nc6 6. Nge2 d6 7. 0-0 Bb6 8. b3 Re8 9. d3 Bf5 10. e4 Bg4 11. h3 Bh5 12. Kh2 Nd4 13. f3 c6 14. Nxd4 Bxd4 15. Bb2 d5 16. Qc2 Bg6 17. Rad1 Qe7 18. Na4 Bxb2 19. Nxb2 Rac8 20. Rc1 Rcd8 21. Rfd1 Rd7 22. h4 dxe4 23. dxe4 Red8 24. Bh3 Rd4 25. Rd3 Rxd3 26. Nxd3 Ne8 27. Rd1 f6 28. Nf2 Bf7 29. Rd3 Rxd3 30. Nxd3 Nc7 31. Qf2 Qd6 32. Qe3 b6 33. c5 Qd4 34. Qxd4 exd4 35. Bd7 Be8 36. Bxe8 Nxe8 37. Kg2 Nc7 38. Kf2 Na6 39. b4 Kf8 40. a3 Ke7 41. Ke2 Nb8 42. Nb2 Nd7 43. Na4 g5 44. f4 gxh4 45. gxh4 f5 46. Kd3 b5 47. Nb2 Nf6 48. exf5 Nd5 49. Ke4 Kf6 50. Nd3 Ne3 51. Ne5 Nxf5 52. Nxc6 a6 53. Nxd4 Nxh4 54. c6 Ng6 55. c7 Ne7 56. Nc6 Nc8 57. Nb8 h5 58. Nxa6 h4 59. Nc5 Ke7 60. Kf3 Kd6 61. Kg4 Kxc7 62. Kxh4 Kd6 63. Kg5 Kd5 64. f5 Nd6 65. Kg6 Nc4 66. Kg7 Nd6 67. f6 Ne8+ 68. Kf7 Nd6+ 69. Ke7 Nf5+ 70. Kd8 Nd6 71. Ke7 Nf5+ 72. Kf7 Kd6 73. Ne4+ Kd7 74. Kg6 Nh4+ 75. Kg5 Nf3+ 76. Kf4 Nd4 77. Nc5+ Ke8 78. Ke4 Nc2 79. Ke5 Kf7 80. Ne4 Kf8 81. Ng5 Ke8 82. Kd6 Kf8 83. f7 Nd4 84. Ne6+ 1-0

[Event "FRA-chT2 0405"]
[Site "France"]
[Date "2005.02.06"]
[Round "7.7"]
[White "Faby, Fabrice"]
[Black "Lebrun, Xavier"]
[Result "1/2-1/2"]
[WhiteElo "2075"]
[BlackElo "2180"]
[PlyCount "47"]
[EventDate "2004.10.10"]
[EventType "team"]
[EventRounds "11"]
[EventCountry "FRA"]
[SourceTitle "EXT 2006"]
[Source "ChessBase"]
[SourceDate "2005.11.24"]
[SourceVersion "1"]
[SourceVersionDate "2005.11.24"]
[SourceQuality "1"]
[WhiteTeam "Rueil Malmaison"]
[BlackTeam "Bagneux"]
[WhiteTeamCountry "FRA"]
[BlackTeamCountry "FRA"]

1. c4 Nf6 2. g3 g6 3. Bg2 Bg7 4. Nc3 d6 5. e4 e5 6. d3 Nc6 7. Nge2 0-0 8. 0-0 Nh5 9. f4 exf4 10. Nxf4 Ne5 11. Nce2 c6 12. Kh1 a5 13. Rb1 a4 14. Qc2 Ra5 15. Bd2 Rc5 16. b4 axb3 17. axb3 Ng4 18. h3 Nxf4 19. Nxf4 Nh6 20. b4 Rg5 21. Ne2 Rh5 22. Nf4 Rg5 23. Ne2 Rh5 24. Nf4 1/2-1/2

[Event "FRA-chT2 0405"]
[Site "France"]
[Date "2005.01.09"]
[Round "6.7"]
[White "Stawiarski, Edmond"]
[Black "Faby, Fabrice"]
[Result "0-1"]
[WhiteElo "2195"]
[BlackElo "2075"]
[PlyCount "67"]
[EventDate "2004.10.10"]
[EventType "team"]
[EventRounds "11"]
[EventCountry "FRA"]
[SourceTitle "EXT 2006"]
[Source "ChessBase"]
[SourceDate "2005.11.24"]
[SourceVersion "1"]
[SourceVersionDate "2005.11.24"]
[SourceQuality "1"]
[WhiteTeam "Arras"]
[BlackTeam "Rueil Malmaison"]
[WhiteTeamCountry "FRA"]
[BlackTeamCountry "FRA"]

1. d4 e6 2. Nf3 f5 3. Bg5 Nf6 4. Bxf6 Qxf6 5. g3 g6 6. Bg2 Bg7 7. 0-0 0-0 8. c4 d6 9. Nc3 Nc6 10. e3 Bd7 11. b4 Rae8 12. Rb1 Qd8 13. c5 g5 14. b5 Na5 15. c6 Bc8 16. cxb7 Bxb7 17. Qc2 Nc4 18. Rb4 Nb6 19. a4 Qa8 20. Ne1 c5 21. bxc6 Bxc6 22. Qb3 d5 23. Nf3 Nc4 24. Qc2 Qd8 25. Nd2 Nxd2 26. Qxd2 Qd6 27. f4 Qxb4 28. Rb1 Qd6 29. fxg5 Rb8 30. Rc1 Rfc8 31. h4 Qxg3 32. Nb5 Bxb5 33. Rxc8+ Rxc8 34. axb5 0-1

[Event "FRA-ch op-A"]
[Site "Chartres"]
[Date "2005.??.??"]
[Round "8"]
[White "Faby, Fabrice"]
[Black "Platel, Alexandre"]
[Result "1-0"]
[WhiteElo "2111"]
[BlackElo "2164"]
[PlyCount "41"]
[EventDate "2005.08.15"]
[EventType "swiss"]
[EventRounds "11"]
[EventCountry "FRA"]
[SourceTitle "EXT 2006"]
[Source "ChessBase"]
[SourceDate "2005.11.24"]
[SourceVersion "1"]
[SourceVersionDate "2005.11.24"]
[SourceQuality "1"]

1. e4 e5 2. f4 Bc5 3. Nf3 d6 4. c3 Nf6 5. fxe5 dxe5 6. d4 exd4 7. cxd4 Bb6 8. e5 Ne4 9. Nc3 Bf5 10. Bd3 Ba5 11. Qc2 Nxc3 12. bxc3 Bxd3 13. Qxd3 Qd5 14. 0-0 b5 15. Ba3 Nd7 16. Ng5 f6 17. exf6 Qxg5 18. Qe4+ Kf7 19. Rf5 Qh6 20. fxg7+ Kxg7 21. Qe7+ 1-0

[Event "FRA-chT2 0405"]
[Site "France"]
[Date "2004.10.10"]
[Round "1.7"]
[White "Faby, Fabrice"]
[Black "Ribeiro, Romain"]
[Result "0-1"]
[WhiteElo "2075"]
[BlackElo "2028"]
[PlyCount "76"]
[EventDate "2004.10.10"]
[EventType "team"]
[EventRounds "11"]
[EventCountry "FRA"]
[SourceTitle "EXT 2006"]
[Source "ChessBase"]
[SourceDate "2005.11.24"]
[SourceVersion "1"]
[SourceVersionDate "2005.11.24"]
[SourceQuality "1"]
[WhiteTeam "Rueil Malmaison"]
[BlackTeam "Bois Colombes"]
[WhiteTeamCountry "FRA"]
[BlackTeamCountry "FRA"]

1. c4 Nf6 2. g3 e5 3. Bg2 Bc5 4. Nc3 c6 5. e3 Qe7 6. Nge2 d6 7. 0-0 0-0 8. Na4 Be6 9. Qc2 Nbd7 10. Nxc5 dxc5 11. b3 Bg4 12. Nc3 Rad8 13. Ba3 Nb8 14. Rae1 Rfe8 15. f4 exf4 16. Rxf4 Qe5 17. Ref1 Nbd7 18. Bb2 Qe6 19. Ne4 Nxe4 20. Bxe4 h6 21. Rxf7 Ne5 22. Qc3 Qxf7 23. Rxf7 Kxf7 24. d4 Nd7 25. Qc2 Re7 26. Bh7 Nf8 27. Bf5 Bxf5 28. Qxf5+ Kg8 29. Qxc5 Rxe3 30. d5 Rde8 31. Qd4 R8e7 32. d6 Re1+ 33. Kg2 R1e2+ 34. Kh3 Ne6 35. d7 Ng5+ 36. Kg4 R2e4+ 37. Kf5 Rxd4 38. Bxd4 Nf7 0-1

[Event "Paris Apsap op 53rd"]
[Site "Paris"]
[Date "2002.??.??"]
[Round "9"]
[White "Faby, Fabrice"]
[Black "Pira, Davoud"]
[Result "0-1"]
[WhiteElo "2093"]
[BlackElo "2447"]
[PlyCount "48"]
[EventDate "2002.??.??"]
[EventType "swiss"]
[EventRounds "9"]
[EventCountry "FRA"]
[SourceTitle "EXT 2003"]
[Source "ChessBase"]
[SourceDate "2002.11.25"]
[SourceVersion "1"]
[SourceVersionDate "2002.11.25"]
[SourceQuality "1"]

1. c4 c5 2. g3 Nc6 3. Bg2 g6 4. Nc3 Bg7 5. a3 a5 6. Rb1 e5 7. e4 d6 8. Nge2 h5 9. h4 Bg4 10. 0-0 Nge7 11. d3 Qd7 12. Nb5 0-0 13. Be3 Nd4 14. Bxd4 cxd4 15. Kh2 Be6 16. b4 axb4 17. axb4 f5 18. f3 Bh6 19. exf5 Nxf5 20. Rh1 Ra2 21. Nc1 Rxg2+ 22. Kxg2 Ne3+ 23. Kf2 Nxd1+ 24. Rxd1 Be3+ 0-1

[Event "Syre Memorial op 17th"]
[Site "Issy les Moulineaux"]
[Date "1994.??.??"]
[Round "2"]
[White "Demarre, Jacques"]
[Black "Faby, Fabrice"]
[Result "1-0"]
[WhiteElo "2270"]
[BlackElo "1890"]
[PlyCount "78"]
[EventDate "1994.05.??"]
[EventType "swiss"]
[EventRounds "6"]
[EventCountry "FRA"]
[SourceTitle "EXT 2004"]
[Source "ChessBase"]
[SourceDate "2003.11.25"]
[SourceVersion "1"]
[SourceVersionDate "2003.11.25"]
[SourceQuality "1"]

1. e4 e6 2. d3 d5 3. Nd2 Nf6 4. Ngf3 Be7 5. g3 0-0 6. Bg2 c6 7. 0-0 Qc7 8. e5 Nfd7 9. Re1 f6 10. exf6 Bxf6 11. d4 e5 12. dxe5 Nxe5 13. Nxe5 Bxe5 14. Nb3 Nd7 15. Qe2 Kh8 16. c3 a5 17. Be3 a4 18. Nc5 Nf6 19. Nd3 Bd6 20. Bc5 Bf5 21. Bxd6 Qxd6 22. Qe5 Qxe5 23. Nxe5 a3 24. b3 Ne4 25. g4 Bg6 26. Nxg6+ hxg6 27. Bxe4 dxe4 28. Rxe4 Rf3 29. c4 Raf8 30. Re2 g5 31. Rd1 R8f4 32. Kg2 Rc3 33. h3 Rff3 34. Re7 b5 35. cxb5 cxb5 36. Rd8+ Kh7 37. Rdd7 b4 38. Rxg7+ Kh6 39. Rh7+ Kg6 1-0